| 000 | 00713nam a2200241Ia 4500 | ||
|---|---|---|---|
| 999 |
_c45130 _d45130 |
||
| 001 | 11953 | ||
| 003 | GE_BSU | ||
| 005 | 20211108132052.0 | ||
| 008 | 181216s2009||||enk|||||||||||||| ||eng|| | ||
| 020 | _a9788190860550 | ||
| 040 | _cGE_BSU | ||
| 041 | _aeng | ||
| 080 | _a658 C-43 | ||
| 100 |
_aChauhan, Ravee _912857 |
||
| 245 |
_aTour Operation Management / _cRavee Chauhan. |
||
| 250 | _aFirst edition | ||
| 264 |
_aDelhi, DEL, India : _bVista International Publishing Hous, _c2009. |
||
| 300 |
_a272 p. _b22 cm. |
||
| 653 | _aTour operation Management | ||
| 653 | _aტურიზმი | ||
| 653 | _aტურის ოპერაციების მენეჯმენტი | ||
| 942 |
_cBK _2udc |
||